Word Ladder: Iberian Peninsula Capital and Country II Quiz Stats

 Plays Quiz Updated Jul 9, 2018

Challenge
Share
Tweet
Embed
Score 0/18 Timer 02:00
1 Play Today
Clue 3-Letter Answer % Correct
Make a false statementLIE
98%
Singular form of diceDIE
96.8%
• 'Please' in Spanish: ___ favor •• POR •
96.6%
The standard number of strokes for a hole in golfPAR
94.1%
A shallow baking dishPAN
93.9%
Prohibit or disallowBAN
93.9%
Place for a scientist to workLAB
93.4%
• A holder of a burger •• BUN •
93.3%
• Slang term for 'girl' •• GAL •
84.8%
Clue 3-Letter Answer % Correct
Noisy clamorDIN
83.3%
Diet soda brandTAB
82.1%
• Actress Taylor or Torres • • LIZ •
81.5%
A greyish-brown colorDUN
80.7%
A delayLAG
75.4%
JokeGAG
74%
The peak of a small rocky hillTOR
73.2%
The way, in Chinese philosphyTAO
68.8%
• Very •• TOO •
65.4%

Today's Daily Dose

You're not logged in!

Compare scores with friends on all Sporcle quizzes.
Join for Free
OR
Log In

You Might Also Like...

Show Comments

Extras

Top Quizzes Today


Score Distribution

Your Account Isn't Verified!

In order to create a playlist on Sporcle, you need to verify the email address you used during registration. Go to your Sporcle Settings to finish the process.

Report this User

Report this user for behavior that violates our Community Guidelines.

Details: